000
00225nam a22000857a 4500
008
161125b xxu||||| |||| 00| 0 eng d
100
_9
1438
_a
Severen. J. V
245
_a
One way bible
260
_a
Bangalore
_b
Sadhana publication
_c
2004
999
_c
4161
_d
4161